La filmographie de Zendaya - Statistiques

Statistiques générales
  • Ce quiz a été pris 137 fois
  • Le résultat moyen est 7 sur 20
Statistiques - réponses
Années Films / Séries % Correct
depuis 2019 Euphoria
80%
2017 Spider-man : homecoming
79%
2021 Spider-man : No way home
79%
2019 Spider-man : Far from home
77%
2010-2013 Shake it up
72%
2021 Dune
71%
2015-2018 Agent K.C
57%
2017 The greatest showman
43%
2012 Amiennemies
17%
2014 Zapped : Une application d'enfer
16%
2021 Malcom & Marie
15%
2021 Space Jam
15%
2012 Section Genius
8%
2019 The OA
8%
2018 Yéti et Compagnie
8%
2011 Bonne chance Charlie
7%
2018 Destination Pékin
7%
2013 Les copains super-héros
6%
2011 Clochette et le tournoi des fées
5%
2015 Black-ish
4%
Aucun quiz correspondant
Distribution des résultats
% des personnes avec chaque résultat
Percentile par nombre de réponses
Votre historique - résultats
Vous n’avez pas pris ce quiz